[Event "CHI-ch sf"]
[Site "Vina del Mar"]
[Date "2022.02.13"]
[Round "8"]
[White "Araya Vergara, Matias"]
[Black "Orellana Rastello, Hugo"]
[Result "1/2-1/2"]
[WhiteElo "1374"]
[BlackElo "1295"]
[PlyCount "72"]
[EventDate "2022.02.08"]
[EventType "swiss"]
[EventRounds "8"]
[EventCountry "CHI"]
[SourceTitle "CBM 207 Extra"]
[Source "ChessBase"]
[SourceDate "2022.05.31"]
[SourceVersion "1"]
[SourceVersionDate "2022.05.31"]
[SourceQuality "1"]

1. e4 c5 2. c3 Nf6 3. e5 Nd5 4. d4 cxd4 5. cxd4 d6 6. Nf3 e6 7. Bb5+ Bd7 8. Bxd7+ Nxd7 9. Nc3 Nxc3 10. bxc3 dxe5 11. Nxe5 Nxe5 12. dxe5 Qa5 13. 0-0 Qxe5 14. Qa4+ b5 15. Bf4 Qc5 16. Qb3 Be7 17. Be3 Qc4 18. Bd4 0-0 19. Qxc4 bxc4 20. Rfb1 Rfc8 21. Rb7 Bc5 22. Bxc5 Rxc5 23. Rab1 g5 24. g3 a5 25. R1b5 Rac8 26. Rb8 Rxb8 27. Rxc5 Rb1+ 28. Kg2 Rb2 29. Rxg5+ Kf8 30. Rxa5 Rc2 31. a4 Rxc3 32. Rc5 Ke7 33. a5 Kd6 34. Rc8 Kd7 35. Rc5 Kd6 36. Rc8 Kd5 1/2-1/2